[Event "Madrid-ch Previa-A"]
[Site "Madrid"]
[Date "2014.02.11"]
[Round "5"]
[White "Algaba Traspuesto, Jose Antonio"]
[Black "Diaz Begonte, Manuel"]
[Result "1-0"]
[WhiteElo "1721"]
[BlackElo "1783"]
[PlyCount "73"]
[EventDate "2014.02.03"]
[EventType "swiss"]
[EventRounds "9"]
[EventCountry "ESP"]
[SourceTitle "EXT 2015"]
[Source "ChessBase"]
[SourceDate "2014.11.20"]
[SourceVersion "1"]
[SourceVersionDate "2014.11.20"]
[SourceQuality "1"]

1. d4 d5 2. e3 Bf5 3. c4 e6 4. cxd5 Qxd5 5. Nc3 Bb4 6. Bd2 Bxc3 7. Bxc3 Nf6 8. f3 Qd8 9. Qb3 b6 10. e4 Bg6 11. Bc4 0-0 12. Ne2 Nbd7 13. Nf4 Bxe4 14. fxe4 Nxe4 15. 0-0 Ndf6 16. Rad1 c6 17. Bxe6 Nxc3 18. bxc3 Qd6 19. Bf5 Rad8 20. Bc2 Ng4 21. Rde1 Rde8 22. Rxe8 Rxe8 23. g3 Qe7 24. Ng2 h5 25. Bd1 Ne3 26. Re1 Qg5 27. Nxe3 Rxe3 28. Rxe3 Qxe3+ 29. Kg2 Qd2+ 30. Kh3 h4 31. Bh5 Qf2 32. Qd1 hxg3 33. hxg3 Qxa2 34. Qf3 Qe6+ 35. Bg4 Qh6+ 36. Kg2 Qd2+ 37. Qe2 1-0